LEADER 01005nam--2200373---450- 001 990003017290203316 005 20071120102531.0 010 $a88-7305-782-9 035 $a000301729 035 $aUSA01000301729 035 $a(ALEPH)000301729USA01 035 $a000301729 100 $a20071120d2001----km-y0itay50------ba 101 $aita 102 $aIT 105 $a||||||||001yy 200 1 $aQuadri antichi del Novecento$fGianni Mazzoni 210 $aVicenza$cNeri Pozza$dcopyr. 2001 215 $a496 p.$cill.$d22 cm 225 2 $a<> colibri 410 0$12001$a<> colibri 454 1$12001 461 1$1001-------$12001 606 0 $aOpere d'arte$xFalsificazioni 676 $a702.874 700 1$aMAZZONI,$bGianni$0599336 801 0$aIT$bsalbc$gISBD 912 $a990003017290203316 951 $aV A 6 MAZ$b5277 DBC$cV A 959 $aBK 969 $aDBC 979 $aDBC$b90$c20071120$lUSA01$h1025 996 $aQuadri antichi del Novecento$91024986 997 $aUNISA LEADER 01244nam 2200421 450 001 9910164211203321 005 20230809222728.0 010 $a1-4988-1571-5 035 $a(CKB)3710000001057562 035 $a(MiAaPQ)EBC4802822 035 $a(EXLCZ)993710000001057562 100 $a20170303h20172017 uy 0 101 0 $aeng 135 $aurcnu|||||||| 181 $2rdacontent 182 $2rdamedia 183 $2rdacarrier 200 10$aEbola $eglobal status /$fStephen Berger, MD 205 $a2017 edition. 210 1$aLos Angeles, California :$cGIDEON Informatics, Inc.,$d2017. 210 4$dİ2017 215 $a1 online resource (46 pages) $cillustrations (some color), tables, graphs 225 1 $aGideon E-Book Series 320 $aIncludes bibliographical references at the end of each chapters. 410 0$aGideon e-book series. 606 $aEbola virus disease 606 $aEbola virus disease$vStatistics 615 0$aEbola virus disease. 615 0$aEbola virus disease 676 $a614.588 700 $aBerger$b Stephen$01210032 801 0$bMiAaPQ 801 1$bMiAaPQ 801 2$bMiAaPQ 906 $aBOOK 912 $a9910164211203321 996 $aEbola$93409566 997 $aUNINA